000 00542nam a2200205Ia 4500
005 20250923145917.0
008 008 250917s9999 xx 000 0 eng d
037 _aTextual
040 _aDSWL
_beng
_cDSWL
041 _aeng
_2eng
084 _azGx, N93
_qDSWL
100 _aThomson, Mark
_9840198
245 0 _aGandhi and his Ashrams
_c by Mark Thomson
260 _aBombay
_bPopular
_c1993
300 _avii,297p.
365 _aINR
_b300.00
925 _g300.00
942 _cTEXL
_hzGx, N93
999 _c1457234
_d1457234